Surveying. (6th ed.) (Record no. 80856)

MARC details
000 -LEADER
fixed length control field 01555nam a2200277 a 4500
008 - FIXED-LENGTH DATA ELEMENTS--GENERAL INFORMATION
fixed length control field 120416s1992 ||||||||||||||||| || u
020 ## - INTERNATIONAL STANDARD BOOK NUMBER
International Standard Book Number 0470218452
050 ## - LIBRARY OF CONGRESS CALL NUMBER
Classification number TA 545 Ban
100 ## - MAIN ENTRY--PERSONAL NAME
Personal name Bannister, A
245 10 - TITLE STATEMENT
Title Surveying. (6th ed.)
250 ## - EDITION STATEMENT
Edition statement 6th ed.
260 ## - PUBLICATION, DISTRIBUTION, ETC.
Place of publication, distribution, etc. Essex:
Name of publisher, distributor, etc. Longman
Date of publication, distribution, etc. 1992
300 ## - PHYSICAL DESCRIPTION
Extent xii, 482p. : ill
350 ## -
-- 0.00
650 ## - SUBJECT ADDED ENTRY--TOPICAL TERM
Topical term or geographic name entry element ENGINEERING
650 #0 - SUBJECT ADDED ENTRY--TOPICAL TERM
Topical term or geographic name entry element SURVEYING
700 ## - ADDED ENTRY--PERSONAL NAME
Personal name Raymond, S
700 ## - ADDED ENTRY--PERSONAL NAME
Personal name Baker, R
995 ## -
-- TEXTBOOKS (SBE)
-- 0.00
-- 5203
-- CBU-SCHOOL TEXTBOOK COLLECTIONS
-- 1
-- 0.00
-- SCHOOL TEXTBOOK
-- 4
-- AVAILABLE
-- Sep 1, 2009
-- 5203
-- School Collections
995 ## -
-- TEXTBOOKS (SBE)
-- 0.00
-- 5204
-- CBU-SCHOOL TEXTBOOK COLLECTIONS
-- 1
-- 0.00
-- SCHOOL TEXTBOOK
-- 5
-- AVAILABLE
-- Sep 1, 2009
-- 5204
-- School Collections
995 ## -
-- MAIN LIBRARY OPEN ACCESS
-- 0.00
-- 726329
-- CBU-MAIN LIBRARY (Kitwe)
-- 3
-- 18.99
-- TA 545 Ban
-- 3
-- AVAILABLE
-- 018813
-- Main Library Open Access Collection
995 ## -
-- MAIN LIBRARY OPEN ACCESS
-- 0.00
-- 726327
-- CBU-MAIN LIBRARY (Kitwe)
-- 2
-- 18.99
-- TA 545 Ban
-- 1
-- AVAILABLE
-- 013854
-- Main Library Open Access Collection
995 ## -
-- TEXTBOOKS (SBE)
-- 0.00
-- 5205
-- CBU-SCHOOL TEXTBOOK COLLECTIONS
-- 1
-- 0.00
-- SCHOOL TEXTBOOK
-- 6
-- AVAILABLE
-- Sep 1, 2009
-- 5205
-- School Collections
995 ## -
-- TEXTBOOKS (SBE)
-- 0.00
-- 5206
-- CBU-SCHOOL TEXTBOOK COLLECTIONS
-- 1
-- 0.00
-- SCHOOL TEXTBOOK
-- 7
-- AVAILABLE
-- Sep 1, 2009
-- 5206
-- School Collections
995 ## -
-- BINDERY (DAMAGED)
-- 0.00
-- 726328
-- CBU-MAIN LIBRARY (Kitwe)
-- 1
-- 18.99
-- TA 545 Ban
-- 2
-- DAMAGED
-- 014212
-- Main Library Open Access Collection
999 ## -
-- 80856
-- 80856
Holdings
Withdrawn status Lost status Source of classification or shelving scheme Damaged status Not for loan Permanent Location Current Location Shelving location Date acquired Total Checkouts Full call number Barcode Date last seen Copy number Price effective from Koha item type
          CBU-MAIN LIBRARY, KITWE. CBU-MAIN LIBRARY, KITWE.   07/11/2023   TA 545 Ban 018813 07/11/2023 3 07/11/2023 MONOGRAPH
          CBU-MAIN LIBRARY, KITWE. CBU-MAIN LIBRARY, KITWE.   07/11/2023   TA 545 Ban 013854 07/11/2023 4 07/11/2023 MONOGRAPH
          CBU-MAIN LIBRARY, KITWE. CBU-MAIN LIBRARY, KITWE.   07/11/2023   TA 545 Ban 014212 07/11/2023 7 07/11/2023 MONOGRAPH
          CBU-SCHOOL TEXT BOOK COLLECTION CBU-SCHOOL TEXT BOOK COLLECTION   07/11/2023   SCHOOL TEXTBOOK 5203 07/11/2023 1 07/11/2023 MONOGRAPH
          CBU-SCHOOL TEXT BOOK COLLECTION CBU-SCHOOL TEXT BOOK COLLECTION   07/11/2023   SCHOOL TEXTBOOK 5204 07/11/2023 2 07/11/2023 MONOGRAPH
          CBU-SCHOOL TEXT BOOK COLLECTION CBU-SCHOOL TEXT BOOK COLLECTION   07/11/2023   SCHOOL TEXTBOOK 5205 07/11/2023 5 07/11/2023 MONOGRAPH
          CBU-SCHOOL TEXT BOOK COLLECTION CBU-SCHOOL TEXT BOOK COLLECTION   07/11/2023   SCHOOL TEXTBOOK 5206 07/11/2023 6 07/11/2023 MONOGRAPH